| 000 | 00925nam a22002417a 4500 | ||
|---|---|---|---|
| 008 | 240605b mp ||||| |||| 00| 0 mon d | ||
| 020 | _a978-99962-918-0-7 | ||
| 035 | _a8821 | ||
| 040 |
_aDA0445040 _bmon _cMN-UlNLM _dMN-UlNLM _erda |
||
| 041 | _amon | ||
| 042 | _a54600 | ||
| 084 |
_221 _a070.092 _bБ.109 |
||
| 100 | _aБаасансүрэн Т. | ||
| 245 | 0 | _aМОНЦАМЭ: Үе үеийнхэн | |
| 264 |
_aУлаанбаатар _bМОНЦАМЭ агентлагийн ХҮ _c2011 |
||
| 300 | _a343 х. | ||
| 336 |
_2rdacontent _atext _btxt |
||
| 337 |
_2rdamedia _aunmediated _bn |
||
| 338 |
_2rdacarrier _avolume _bnc |
||
| 650 | _aМОНЦАМЭ агентлаг, Говь, Хангай, Тал хээр, Алтай, Эргэцүүлэл, Бодол, Байгаль, Онгон байггаль, Нийтлэл, Тэмдэглэл ... | ||
| 942 |
_210-t _cBK |
||
| 999 |
_c745042 _d745099 |
||